000 00758nam a22002657a 4500
001 BR8206949
003 BR-BrBNA
005 20230928091541.0
007 ta
008 230509b bl.||||| |||| 00| 0 por d
040 _aBR-BrBNA
_bpor
_cBiblioteca Nacional de Agricultura
041 _a(Por)
072 _aH20
_b4120
_b4110
_b4190
_b/G514
090 _ 4120 BR8206949
110 1 _aSociedade Brasileira de Fitopatologia, Brasilia, DF (Brasil)
_99719
245 1 _aPrograma e resumos do 15. Congresso Brasileiro de Fitopatologia
260 3 _aBrasilia, DF (Brasil):
_c1982.
300 _a78 p.
650 _aDOENCA DE PLANTA
650 _aFUNGO
650 _aBACTERIA
650 _aNEMATOIDE
909 _a202309
_bLucia
_c55
_dLucia Elande
942 _cBK
999 _c34372
_d34372